书目信息 |
| 题名: |
袁世凯与北洋军阀
|
|
| 作者: | 谢本书 著 | |
| 分册: | ||
| 出版信息: | 上海 上海人民出版社 1984.06 |
|
| 页数: | 272页 | |
| 开本: | 20cm | |
| 丛书名: | ||
| 单 册: | ||
| 中图分类: | K258.3 | |
| 科图分类: | ||
| 主题词: | 洪宪帝制--反袁斗争 | |
| 电子资源: | ||
| ISBN: | ||
| 000 | 00540nam0 2200193 45 | |
| 001 | 0312221749 | |
| 005 | 20041112095642.8 | |
| 010 | @dCNY1.10 | |
| 100 | @a20031222d1984 km y0chiy0120 ea | |
| 101 | @achi | |
| 105 | @a z 000yy | |
| 200 | 1 | @a袁世凯与北洋军阀@AYuan Shi Kai Yu Bei Yang Jun Fa@f谢本书著@FXie Ben Shu Zhu |
| 210 | @a上海@c上海人民出版社@d1984.06 | |
| 215 | @a272页@c照片@d20cm | |
| 606 | 0 | @a洪宪帝制@x反袁斗争 |
| 690 | @aK258.3@v3 | |
| 701 | 0 | @a谢本书@4著 |
| 801 | @aCN@bTSTCL@c20031222 | |
| 905 | @dK258.3@e27@f1@b122092 | |
| 袁世凯与北洋军阀/谢本书著.-上海:上海人民出版社,1984.06 |
| 272页:照片;20cm |
| ISBN :CNY1.10 |
| ● |
| 相关链接 |
|
|
|
|
正题名:袁世凯与北洋军阀
索取号:K258.3/27
 
预约/预借
| 序号 | 登录号 | 条形码 | 馆藏地/架位号 | 状态 | 备注 |
| 1 | 0122090 | 001532158 | 第二借阅区/ [索取号:K258.3/27] | 在馆 | |
| 2 | 0122092 | 001294343 | 第二样本阅览室/ [索取号:K258.3/27] | 在馆 | |
| 3 | 0122093 | 001532167 | 密集书库/ [索取号:K258.3/27] | 在馆 | |
| 4 | 0122094 | 001294352 | 第二样本阅览室/ [索取号:K258.3/27] | 在馆 |